LEADER 00922nam a2200241 i 4500 001 000000246897 003 CaOOAMICUS 005 20151130000000.0 008 151130s1968 it u000 u ita u 013 $a225802 040 $aSeMil$bita 100 1 $aPierre, José.$0(OLS)http://semarc/name/82798 245 13$aIl cubismo /$cJosé Pierre. 260 $aMilano :$bIl Saggiatore,$c1968. 300 $a207 p. :$bill. ;$c27 cm. 490 0 $aStoria generale della pittura ;$v18 650 4$aCubismo.$0(OLS)http://semarc/subject/10899 830 0$aStoria generale della pittura ;$v18.$0(OLS)http://semarc/title/44485 850 $aSeMil 852 $aSeMil$W1$xVenegono$y1$m5U VII 62/18$j197243$B197243$CSeMilBibl$Z2$F208766 $81 961 $aOmaggio: Istituto San Vincenzo 996 $6245$aIl cubismo$9(OLS)http://semarc/title/348760 996 $6260$aMilano :$bIl Saggiatore$9(OLS)http://semarc/publisher/30255 LEADER 00899nam a2200217 i 4500 001 000000067132 003 CaOOAMICUS 005 20140210000000.0 008 140210s1964 xx u000 u fre u 013 $a38304 040 $aSeMil$bita 245 10$aVolume 2. 300 $aVIII, 224 p. 490 0 $aAnalecta Gregoriana ;$v141. 490 0 $aAnalecta Gregoriana. Series Iuris Canonici. Sectio A ;$v6 773 0 $aBeyer, Jean $tConsécration à Dieu dans les Instituts séculiers.$dRome : Presses de l'Université Grégorienne, [1964?]$w()29414 830 0$aAnalecta Gregoriana ;$v141.$0(OLS)http://semarc/title/9 830 0$aAnalecta Gregoriana. Series Iuris Canonici. Sectio A ;$v6.$0(OLS)http://semarc/title/39950 850 $aSeMil 852 $aSeMil$W1$xVenegono$y1$m2N V 241$j33285$B33285$CSeMilBibl$Z2$F33288 $81 996 $6245$aVolume 2$9(OLS)http://semarc/title/11564